000 00679cab a22002175a 4500
001 L156666
008 120619e20120601xxk 000 0 eng d
035 _a(Sirsi) u156666
041 0 _aeng
100 1 _aWright, Emily
245 0 0 _aEveryone's a loser
260 _c2012
490 _aBuilding
_v277 (8732) 15 June 2012, 32-35(4)
520 _aLooks at reasons for the increasing number of construction disputes worldwide based on EC Harris' latest Global Construction Disputes report.
590 _aKA
651 4 _aInternational
690 _aDispute resolution
_96236
690 _aProject management
_96261
690 _aConstruction management
_96230
942 _n0
999 _c84108
_d84108